[Event "NED-chT 0304"]
[Site "Netherlands"]
[Date "2004.05.09"]
[Round "9.1"]
[White "Timman, Jan H"]
[Black "Avrukh, Boris"]
[Result "1/2-1/2"]
[WhiteElo "2578"]
[BlackElo "2620"]
[Annotator "Avrukh,B"]
[PlyCount "130"]
[EventDate "2003.09.27"]
[EventType "team-tourn"]
[EventRounds "9"]
[EventCountry "NED"]
[SourceTitle "CBM 101"]
[Source "ChessBase"]
[SourceDate "2004.07.27"]
[SourceVersion "1"]
[SourceVersionDate "2004.07.27"]
[SourceQuality "1"]
[WhiteTeam "Breda"]
[BlackTeam "Apeldoorn"]
[WhiteTeamCountry "NED"]
[BlackTeamCountry "NED"]

1. e4 c5 2. Nf3 Nc6 3. Bb5 d6 4. O-O Bd7 5. Re1 Nf6 6. h3 {The text move has
been successfully applied by Mickey Adams. Nowadays Black equalises without
much problems, but anywhere the play transposes to complicated middlegame.} e6
(6... Ne5 {another Black's popular reply.}) 7. c3 d5 {Strangely enough, but
this interesting move has been occured only once in tournament practice.} (7...
Ne5 {Black's most popular reply.}) 8. d3 (8. exd5 Nxd5 9. d4 cxd4 10. Nxd4 Nxd4
11. Bxd7+ Qxd7 12. Qxd4 Nf6 $11) (8. e5 $140 $2 Nxe5 {[%csl Gb5] loses a pawn.}
) 8... Be7 9. Ba4 $1 $146 {[%cal Ge4e5] A very concrete approach,now White is
threatening 10 e5.} (9. e5 $2 Nxe5 10. Nxe5 Bxb5 $17 {0-1 Odeev,H-Veingold,A/
Bled 2002/EXT 2003 (83)}) 9... Qa5 {[%csl Ga4]} ({After} 9... d4 10. e5 Nd5 11.
c4 $1 (11. Bxc6 Bxc6 12. cxd4 O-O $44) 11... Nc7 12. Nbd2 {[%cal Gd2e4] and
White has a stable advantage.}) 10. Bg5 {Once again 11 e5 is threatening.} (10.
e5 $140 $2 Nxe5 $17 {[%csl Ga4]}) 10... dxe4 11. dxe4 Ne5 $5 (11... Rd8 12.
Nbd2 O-O 13. Bb3 $14 {[%cal Ge4e5]}) 12. Bc2 $1 (12. Bxd7+ Nfxd7 13. Bxe7 Kxe7
{and Black has a decent counterplay ,due to the weak d3-square.}) 12... Nxf3+
13. Qxf3 Bc6 14. Nd2 Qc7 (14... O-O 15. Nc4 Qa6 16. Ne5 {[%cal Ge5g4]} Rfe8 (
16... Rfd8 $143 17. Ng4 $1 Nxg4 18. Bxe7 Rd2 (18... Ne5 19. Qg3 $16) 19. Qxg4
Rxc2 20. Bf6 {wins .}) 17. a4 $14) 15. Nc4 Rd8 $1 ({Other moves are clearly
worse:} 15... Nxe4 $2 {loses immediately.} 16. Bxe7 Ng5 17. Qe3 Qxe7 18. f4 $18
) (15... O-O 16. Bf4 Qc8 17. Nd6 Qd8 (17... Bxd6 18. Bxd6 Re8 (18... Rd8 $2 19.
Be7 Rd2 20. Rac1 $16) 19. Qg3 $16 (19. Bxc5 $2 Bxe4 $1 20. Bxe4 Nxe4 21. Qxe4
Qxc5 22. Qxb7 Rab8 $11)) 18. Qd3 {[%cal Ge4e5]} b5 {[%cal Gc5c4]} 19. Rad1 $16)
16. Bf4 Qc8 17. a4 $14 ({The logical continuation would have been} 17. Rad1 O-O
18. Nd6 Qa8 {[%cal Gb7b6] and I don't see how White can make any serious
progress, for example:} 19. Qd3 {[%cal Ge4e5]} b5 $1 20. e5 c4 21. Qd4 Nh5 $1
$132) 17... b6 ({After} 17... O-O {I didn't like} 18. a5 {grabbing more space
on the queen side.} Bb5 $140 19. e5 Nd5 20. Qe4 f5 (20... g6 21. Nd6 Bxd6 22.
exd6 Nxf4 23. Qxf4 $16) 21. exf6 Nxf6 22. Qe2 {clearly better for White.}) 18.
Re3 $1 O-O 19. h4 {Starting an offensive .} (19. Qe2 Qb7 (19... Ne8 20. e5 $1)
20. Re1 {deserved serious attention.} (20. Ne5 Be8)) 19... Ne8 {The only
reasonable defensive idea.} 20. Qe2 ({Another interesting option} 20. Qg3 f6
21. e5 (21. Bb3 Kh8 22. e5 Bd5 $13) 21... f5 22. Nd6 Nxd6 (22... Bxd6 23. exd6
Bd5 24. h5 $36) 23. exd6 Bf6 {and Black holds the position.}) ({In the event of
} 20. h5 f5 $5 {Black gets some counterplay.} (20... f6)) 20... f6 (20... Bxh4
$2 {would have been a suicide decision.} 21. Rh3 Be7 22. Qh5 Nf6 23. Qh4 $1 {
[%cal Ge4e5]} e5 24. Nxe5 Bb7 25. Bg5 {with winning attack.}) 21. e5 f5 22. Rh3
(22. h5 Nc7 {[%cal Gc7d5]} 23. Rg3 Nd5 24. Bd2 Qc7 {and Black has a decent
play.} (24... Kh8 25. h6 g6 26. Nd6 $16)) 22... Qb7 $1 {[%csl Gg2]} 23. Nd6 $1
{White should play play precisely in order to keep his advantage.} (23. Ne3 Nc7
{[%cal Gc7d5]} 24. c4 $140 $2 Rd4 $36) 23... Bxd6 ({Here I have spent fifteen
minutes, trying to find a clear way to equality after:} 23... Nxd6 24. exd6
Bxd6 25. Qxe6+ Kh8 (25... Qf7 26. Qxf7+ Rxf7 27. Bxd6 Rxd6 28. Bb3 $18) 26.
Bxd6 Rf6 27. Qe7 Rfxd6 28. Qxb7 Bxb7 29. Bxf5 {and I didn't succeed to find
anything concrete.} Rd2 30. Re3 g6 31. Bg4 Rxb2 32. Re7 Bc6 33. Rxa7) 24. exd6
Be4 (24... Nxd6 25. Qxe6+ Kh8 26. Bxd6 (26. Rd3 Rfe8) 26... Rf6 {-see 23...Nd6}
) 25. Rd1 Nf6 26. Bb3 (26. Bxe4 $5 fxe4 (26... Nxe4 27. f3 $16 {[%csl Ge6]}) (
26... Qxe4 27. Qxe4 Nxe4 28. Re3 Kf7 29. f3 Nf6 30. c4 $16 {[%csl Gd5]}) 27. h5
Ne8 28. Bh2 Rf5 {[%cal Gf5d5]} 29. h6 {looks very dangerous for Black.} (29. c4
e5 $1 {[%csl Gd6]})) 26... Qf7 27. Bg5 {At this moment I have managed to
notice, that I have had only 40 seconds for thirteen moves!} Bd5 28. Bxd5 $2 {
This strange decision allows Black to get very close to equality.} (28. c4 $142
Bc6 29. Re3 Rfe8 30. f3 {[%csl Ge4] keeping a long-lasting edge.}) 28... exd5
29. Qe5 (29. Qe7 Rd7 $1) 29... Rfe8 30. Qxf5 Rxd6 31. Re3 Rxe3 (31... Ne4 32.
Qxf7+ Kxf7 33. Bf4 Rd7 34. f3 Nf6 {was a reasonable alternative.}) 32. Bxe3 h6
(32... Ne4 $2 33. Qc8+ Qf8 34. Qb7 $1 {[%csl Ga7,Gd5]} Qd8 35. Qxa7 Qxh4 36.
Qb8+ Qd8 37. Qxd8+ Rxd8 38. a5 bxa5 39. f3 Nf6 40. Bxc5 $14) 33. a5 Qe6 34. Qg6
Qf7 35. Qg3 Ne4 36. Qe5 Rd7 $4 $138 (36... Rd8 $142 $11) 37. axb6 axb6 38. f3
$2 {It's very difficult to explain how my opponent missed the golden
opportunity to decide the game, the only reasonable explanation can be, that
exactly at this moment I had only 2 seconds for 3 remaiming moves (!!).} (38.
Qb8+ $142 Kh7 39. Qxb6 Qh5 {[%csl Gd1,Gh4]} 40. Ra1 $1 {the most accurate} ({
After} 40. f3 Ng3 41. Qe6 Rd8 {And Black has some counterplay.}) 40... Qxh4 41.
Bxc5 {and White wins a pawn without any compensation.}) 38... Nf6 39. Qb8+ Qe8
40. Qxe8+ Nxe8 {Somehow I managed to make my two last moves within one second!}
41. b4 d4 $1 {The most precise way to hold the game.} (41... cxb4 42. cxb4 b5
43. Kf2 $14) 42. bxc5 bxc5 43. cxd4 Nc7 44. Kf2 (44. d5 Rxd5 45. Rxd5 Nxd5 46.
Bxc5 h5 $1 {should be an easy draw.}) 44... h5 45. Rd2 cxd4 46. Bxd4 Kf7 47.
Rc2 Rxd4 48. Rxc7+ Kf6 $11 {Of course this rook endgame is easily drawn for
Black, and normally on GM level a draw should be agreed immediately, but my
opponent was probably so dissapointed with the way he lost his advantage, that
he has tried to win this endgame for almost twenty moves.} 49. Rc6+ Kf7 50. g3
Rd3 51. Ke2 Ra3 {The best way to defend this rook endgame is to keep your rook
active. The rest doesn't requred any comments. The draw result is inevitable.}
52. Rd6 g6 53. Rd3 Ra4 54. Ke3 Kf6 55. Rd4 Ra5 56. Rf4+ Ke6 57. g4 Ra3+ 58. Kf2
hxg4 59. fxg4 Rh3 60. g5 Ke5 61. Kg2 Ra3 62. Rf3 Ra2+ 63. Kh3 Ra1 64. Kg4 Ra4+
65. Kg3 Ra1 1/2-1/2

[Event "ISR-chT"]
[Site "Israel"]
[Date "2005.01.22"]
[Round "5.5"]
[White "Rechlis, Gad"]
[Black "Avrukh, Boris"]
[Result "1/2-1/2"]
[WhiteElo "2515"]
[BlackElo "2629"]
[Annotator "Avrukh,B"]
[PlyCount "85"]
[EventDate "2005.01.08"]
[EventType "team"]
[EventRounds "11"]
[EventCountry "ISR"]
[SourceTitle "CBM 105"]
[Source "ChessBase"]
[SourceDate "2005.04.11"]
[SourceVersion "1"]
[SourceVersionDate "2005.04.11"]
[SourceQuality "1"]

1. e4 c5 2. Nf3 Nc6 3. Bb5 d6 4. Bxc6+ bxc6 5. O-O e5 ({The alternative} 5...
Bg4 {is recently more popular option.}) 6. c3 $1 {In my opinion the most
principal way to fight for an opening advantage.} Bg4 7. d4 cxd4 8. cxd4 Bxf3
9. Qxf3 exd4 {This line considered to be not dangerous for Black, but Gadi is
extremely talanted player and here he comes up with a very strong novelty,
which easily can change the evaluation of this line.} 10. Re1 $1 $32 {[%mdl 8]}
({The previos try was} 10. e5 d5 11. Rd1 {and Black was perfectly ok after} Ne7
$1 12. Rxd4 Ng6 13. Qc3 Qb6 $1 14. Rd1 Bc5 15. Be3 $2 d4 $1 16. Rxd4 Bxd4 17.
Qxd4 Qxd4 18. Bxd4 Rd8 {[%csl Gd1] 0-1 Talla,V-Cvek,R/Moravia 1994/EXT 97 (18)}
) 10... Be7 ({The alternatives didn't appeal to me during the game , for
example:} 10... Qf6 $143 11. Qb3 $1 {[%cal Gb3b7] with very unpleasant idea of
12 Qb7}) (10... c5 11. Na3 $1 ({Not so clear} 11. e5 $143 d5 12. e6 Nf6 $1)
11... Be7 12. Nc4 Nf6 13. e5 dxe5 14. Nxe5 {[%cal Ge5c6]}) ({But maybe} 10...
Nf6 11. e5 dxe5 12. Qxc6+ Nd7 13. Rxe5+ Be7 {[%csl Gc1][%cal Ga8c8,Ge8g8] was
worth considering.}) 11. e5 (11. Qg3 {doesn't create serious problems for
Black.} Nf6 12. Qxg7 Rg8 13. Qh6 Qa5 $1 ({During the game my intention was:} 
13... Qd7 {[%cal Ge8c8]}) 14. Nd2 Qh5 15. Qxh5 (15. Qf4 Qg4 $11 (15... Ng4 16.
Nf1 $1)) 15... Nxh5 16. Nf3 c5 {and this endgame is perfectly playable for
Black.}) 11... dxe5 (11... d5 $2 12. Qg4 {[%csl Gg7]} Kf8 13. Qxd4 $16) 12.
Qxc6+ (12. Rxe5 Qd7 13. Bd2 Nf6 14. Bb4 Nd5) 12... Kf8 13. Nd2 {The logical
way to develop White's initiative.} (13. Rxe5 $2 Rc8 $19 {[%csl Gc1]}) 13...
Rc8 14. Qf3 $6 ({During the game I was mostly concerned about} 14. Qa6 $1 {
and White's Q is very annoying on a6.} Rc5 ({After} 14... f6 15. Qxa7 Qd5 (
15... Nh6 16. Ne4 Nf5 17. Bd2) 16. Ne4 {Black can hardly develop his piecies,
since} f5 {is strongly met by} 17. Ng5 $1) 15. Qxa7 (15. Ne4 $140 Qa5 $1 16.
Qxa5 Rxa5 17. Bd2 Rd5 18. Rac1 f5 {and Black is ok.}) 15... Nf6 16. Nb3 {
and I don't believe Black can hold this position.}) 14... Qc7 {[%csl Ge5]} 15.
b3 {[%cal Gd2c4] Gadi finds a very interesting opportunity to develop his
initiative, since} (15. Ne4 Nf6 16. Bd2 Qb7 $1 {should be ok for Black.}) 15...
Nf6 ({Of course I could have played} 15... Qc3 {but after} 16. Qxc3 (16. Qb7 $6
f6 17. f4 Rc7 {and Black has a draw at worst.} 18. Qb8+ Rc8) 16... dxc3 17. Nc4
f6 18. Be3 a6 19. Rec1 {White enjoys a pleasant edge.}) 16. Nc4 ({During the
game I was afraid of} 16. Bb2 {[%cal Ga1c1] folowing by 17 Rac1, but after the
correct} Rd8 $1 (16... Bb4 17. Rac1 Bc3 18. Bxc3 dxc3 19. Nc4 e4 20. Qxc3 $16)
17. Rac1 Qb8 {Black is doing well} 18. Qf5 Bb4 $1) 16... e4 17. Qf5 $1 $44 {
[%csl Gf8] Finally a very unbalanced position has been arised: despite his
extra pawn Black has a serious problems with development of his piecies.} h5 $1
{A very nice defensive recourse, now Black is ready to play 18...g6, also in
some lines Black's rook will come into the play via 5th rank.} (17... g6 {
would be very dangerous for Black.} 18. Bh6+ Kg8 19. Qg5 $1 (19. Qh3 $143 Rd8
20. Rad1 Rd5 {[%cal Gd5h5]}) 19... Rd8 20. Rac1 {[%cal Gc4e5,Ge5c6]}) 18. Bf4
g6 $1 19. Qg5 ({White had many possibilities here, but none of them promises
any advantage:} 19. Qh3 Qxf4 20. Qxc8+ Kg7 21. Qh3 Rd8 {and Black has a great
compensation for the exchange.}) (19. Qxf6 Bxf6 20. Bxc7 Rxc7 21. Rxe4 Kg7 {
with equal endgame.} (21... h4 $5 {[%cal Gh8h5]})) (19. Qe5 Qxe5 20. Bxe5 d3
21. Rad1 Rd8 22. Bxf6 Bxf6 23. Rxe4 Kg7 24. Re3 Rhe8 $1) 19... Qd8 (19... Ng4
$143 20. Bxc7 Bxg5 21. Bd6+ Kg7 22. Rad1 $14) 20. Be5 h4 $1 {[%cal Gh8h5] Just
in time.} 21. Rad1 Rh5 22. Qf4 Nd5 $1 {During the game I felt, that Gadi
overlooked this continuation.} 23. Qg4 (23. Qxe4 $140 $2 Nc3 $17) 23... Rg5 ({
Certainly I've noticed the line} 23... Rxc4 24. bxc4 Rxe5 25. cxd5 Qxd5 26. f3
$1 exf3 27. Qxf3 Rxe1+ 28. Rxe1 Qd7 {with approximately equal position, but I
was definitely looking for more.}) 24. Qxe4 $1 {This capture came as a big
surprise to me, for a long time I couldn't understand why it should work now,
what is the difference between my rook on h5 and g5?} ({Now} 24. Qh3 Rxc4 $1
25. bxc4 Rxe5 26. cxd5 Qxd5 $17 {is clearly better for Black, since White has
no opportunity to break my central pawns with f3 advance.}) 24... Nc3 25. Qxd4
Nxd1 26. Bd6 $3 {[%cal Gd4h8] Now I realised the difference, the h8-square is
not protected by my rook!} Kg8 $8 27. Rxe7 Nc3 $3 {A beautiful counterblow,
which allows Black to equalise.} ({Black is loses after} 27... h3 $2 28. Qxd1
Rxg2+ 29. Kf1 Rxh2 30. Qf3 $18 {[%csl Gf7]}) 28. Qxc3 Qxd6 29. Re8+ Rxe8 30.
Nxd6 Rd5 $1 {The point of Black's combination.} (30... Rc5 $4 31. Nc4 $18) 31.
h3 Rxd6 {Although White has an extra pawn Black is not worse, since he can
easily create a counterplay against White's K.} 32. Qb4 {[%csl Gh4]} Rd1+ 33.
Kh2 Re2 $1 34. Qb8+ (34. Qxh4 Rdd2 $11) 34... Kg7 35. Qxa7 Rdd2 36. Kg1 Re1+
37. Kh2 Rf1 ({Of course I could have repeated moves with} 37... Ree2 $11 {
but once again I was looking for a win!}) 38. a4 Rfxf2 (38... Rdd1 39. g3 hxg3+
40. Kxg3 $16) 39. Qb7 {[%csl Gg2] Despite his two passed pawns on the
queenside it's White, who has to play precisely in order to achieve a draw.} g5
$1 {It is essential to protect my h4-pawn.} (39... Rf1 $2 40. Qe4 $1 {[%csl
Gh4]} g5 41. Qe3 {[%csl Gd2,Gg5]} Rd5 42. a5 {can be risky for Black.}) 40. Qe4
(40. a5 Rd1 {[%cal Gf2f1]} 41. Qe7 Kg6 42. Qe4+ Kh6 43. Qc6+ f6 44. Qe8 $11)
40... Rfe2 (40... Rf1 $2 41. Qe3 {[%csl Gd2,Gg5]}) 41. Qf3 f6 42. Qb7+ Kg6 43.
Qa8 $1 (43. Qa8 Re1 44. Qg8+ Kh6 45. Qh8+ $11) 1/2-1/2

[Event "BL2-Nord 9900"]
[Site "Germany"]
[Date "2000.03.26"]
[Round "8.2"]
[White "Joachim, Sven"]
[Black "Zezulkin, Jurij"]
[Result "1/2-1/2"]
[WhiteElo "2445"]
[BlackElo "2475"]
[Annotator "Bangiev,A"]
[PlyCount "31"]
[EventDate "1999.10.10"]
[EventType "team-tourn"]
[EventRounds "9"]
[EventCountry "GER"]
[SourceTitle "EXT 2003"]
[Source "ChessBase"]
[SourceDate "2002.11.25"]
[SourceVersion "1"]
[SourceVersionDate "2002.11.25"]
[SourceQuality "1"]
[WhiteTeam "Isernhagen"]
[BlackTeam "Zehlendorf"]
[WhiteTeamCountry "GER"]
[BlackTeamCountry "GER"]

1. e4 c5 2. Nf3 Nc6 3. Bb5 d6 4. O-O Bd7 5. Re1 Nf6 6. c3 a6 7. Bxc6 Bxc6 8. d4
cxd4 9. cxd4 Bxe4 10. Bg5 (10. Nc3 $142 Bxf3 11. Qxf3 e6 12. Qxb7 Qc8 13. Qf3
Be7 14. d5 (14. Qg3 O-O 15. Bh6 Ne8 16. Nd5 Bd8 17. Nf4 Qc2 18. Rac1 Qf5 $13 {
0-1 Auletta,A-Tiviakov,S/Ischia 1998/(23)}) 14... e5 15. Bg5 O-O 16. Ne4 Nxd5
17. Nxd6 Qe6 18. Rad1 {1/2-1/2 Smirin,I-Alterman,B/Struga 1995/(31)}) 10... Qa5
$1 {[%cal Ra5g5,Ra5e1]} 11. Nc3 (11. Bxf6 Bxf3 12. Qd2 Qxd2 13. Nxd2 Bd5 $17) (
11. Nbd2 $5 Bd5 $1 (11... Bxf3 12. Nxf3) 12. Bxf6 gxf6 $17) 11... Bxf3 12. Qxf3
Qxg5 13. Qxb7 Rd8 14. Qc6+ Rd7 (14... Nd7 $4 15. Ne4 $18) 15. Qc8+ (15. Qxa6 e6
16. Qa8+ Rd8 17. Qc6+ Rd7 18. a4 Qa5 $1 (18... Be7 19. a5 O-O 20. Ne4 Nxe4 21.
Qxd7 $13) 19. d5 Be7 20. dxe6 fxe6 21. Rxe6 Qc7 22. Qf3 (22. Qxc7 Rxc7 23. Nb5
Rd7 24. a5 Kf7 25. Re2 d5 26. Nd4 Ra8 $17) 22... O-O 23. a5 d5 24. a6 Qb8 25.
Qe2 Bc5 26. Kh1 Qb3 27. Rc6 Re8 28. Qd2 (28. Re6) 28... Ba7 $19 {0-1 Kalegin,
E-Hamatgaleev,A/Perm 1997/(42)}) (15. d5 $5 e6 (15... Qg4 16. Na4) 16. dxe6 (
16. Rxe6+ fxe6 17. dxe6 Be7 18. exd7+ Kf7 $17) 16... fxe6 17. Rxe6+ Be7 (17...
Kf7 $2 18. Rxf6+) 18. Rae1 O-O 19. h4 (19. Rxe7 $4 Rxe7 20. Rxe7 Qc1+) (19. f3
Rf7 $19) 19... Qxh4 20. g3 Qh3 21. Rxe7 Ng4 22. Qd5+ Kh8 23. Qh1 Qxh1+ 24. Kxh1
Nxf2+ 25. Kg2 Rxe7 26. Rxe7 h6 27. Rd7 Ng4 28. Rxd6 Ne3+ 29. Kh3 Rf1 30. Rd2 g5
31. Kh2 Ng4+ {1/2-1/2 Borisenko,A- Shabanov,Y/Yaroslavl 1995/(31)}) 15... Rd8
16. Qc6+ (16. Qc6+ Rd7 17. Qc8+ {1/2-1/2 Kraut,R-Babula,V/Germany 1998/(17)})
1/2-1/2

[Event "Minsk"]
[Site "Minsk"]
[Date "1993.??.??"]
[Round "?"]
[White "Maljutin, Evgeni"]
[Black "Shipov, Sergei"]
[Result "1-0"]
[WhiteElo "2505"]
[BlackElo "2490"]
[Annotator "Belov,I"]
[PlyCount "131"]
[EventDate "1993.03.??"]
[EventType "tourn"]
[EventRounds "11"]
[EventCountry "BLR"]
[EventCategory "9"]
[SourceTitle "CBM 036"]
[Source "ChessBase"]
[SourceDate "1993.10.01"]
[SourceVersion "1"]
[SourceVersionDate "1993.10.01"]
[SourceQuality "1"]

1. e4 c5 2. Nf3 d6 3. d4 Nf6 4. Bb5+ (4. dxc5 Qa5+ (4... Nxe4 5. cxd6 $16) 5.
Nc3 Nxe4 6. cxd6 $5 Nxc3 7. bxc3 exd6 8. Bd3 Be7 9. O-O O-O 10. Rb1 a6 11. Re1
Nc6 12. Be4 $14 {(Yandemirov-Jakubiec,Katowice 1993)}) 4... Nbd7 (4... Bd7 5.
Bxd7+ Nfxd7 $1 6. d5 g6 7. c4 b5 $5 $13 {(ECO)}) 5. O-O $5 cxd4 (5... Nxe4 6.
Re1 Nef6 7. c4 $5 $44) (5... a6 6. Bxd7+ Nxd7 (6... Qxd7 7. Nc3 cxd4 8. Nd5 $1
Nxd5 9. exd5 Qg4 10. Re1 $14) 7. Nc3 e6 8. Bg5 Qc7 9. Re1 cxd4 10. Qxd4 Ne5 11.
Rad1 Bd7 $10 {(Ljuboevic-Kasparov,Amsterdam 1991 Inf 51/185)}) 6. Qxd4 a6 7.
Bxd7+ Bxd7 8. Bg5 e6 $5 (8... h6 $6 9. Bxf6 gxf6 10. c4 e6 11. Nc3 Rc8 12. Kh1
$14 {(Ivanchuk-Kasparov,Linares 1991 Inf 51/184)}) 9. Nbd2 Be7 {(9...Bc8
IVaNchUK)} 10. Nc4 Bb5 (10... Bc6 $6 11. Bxf6 gxf6 12. Rad1 Qc7 13. Rfe1 Rd8
14. Nb6 $16) 11. Bxf6 gxf6 12. a4 Bxc4 13. Qxc4 Rc8 14. Qb3 Qc7 15. Nd4 $14 O-O
16. Rad1 Rfd8 (16... Kh8 $5) 17. Qh3 $1 Qc5 18. Rd3 {(/\Qh6)} Kh8 19. f4 $5 Rg8
$1 (19... e5 $6 20. b4 $1 Qa7 (20... Qxb4 21. Nf5 Bf8 22. Qh5 {(/\23.Bh3+-)})
21. Rff3 Rg8 $8 (21... exd4 $2 22. Qxh7+ $1 Kxh7 23. Rh3+ Kg7 24. Rdg3+ Kf8 25.
Rh8#) 22. Qd7 Rce8 23. Rg3 $1 $16) 20. Kh1 Rcd8 21. f5 e5 22. Ne2 d5 (22...
Qxc2 $2 23. Nc3 Qxb2 24. Nd5 Rd7 25. Qh6 $18) 23. Nc3 dxe4 24. Rxd8 Rxd8 25.
Qh5 $1 (25. Nxe4 Qxc2 $15) 25... Qc4 26. Re1 e3 27. h3 b5 $1 $13 (27... Bc5 $6
28. Qh6 $16) (27... Rd2 $1 $13) 28. axb5 axb5 29. Rxe3 Qf1+ 30. Kh2 e4 $6 (
30... Rg8 31. Qf3 Qc4 $14) 31. Nxe4 $1 Qf4+ 32. Rg3 Rf8 (32... Qxe4 33. Qxf7
$18) (32... Rg8 33. Qxf7 Rxg3 34. Nxg3 Bd6 $5 35. Qxf6+ Kg8 36. Qe6+ Kf8 37.
Qc8+ Kf7 38. Qb7+ Kf8 39. Qf3 Qg5 {(+/-/ )}) 33. Qf3 Qxf3 34. Rxf3 $16 Rc8 35.
c3 Rc4 36. Nd2 Bd6+ 37. g3 Rc8 (37... Ra4) 38. Kg2 Ra8 39. Nb3 Ra2 40. Rf2 Be5
41. Kf3 Ra4 42. Nc1 b4 (42... Rc4 43. Nd3 Bd6 $16) 43. cxb4 Rxb4 44. Nd3 Rd4 (
44... Rb3 45. Ke4 $18) 45. Nxe5 fxe5 46. f6 $1 h6 47. h4 h5 48. Re2 Rd6 49. b4
$1 Rxf6+ 50. Ke4 Rb6 51. Rb2 Rb5 52. Kd3 Kg7 53. Kc4 Rb8 54. b5 f5 55. Kd5 Kf6
56. b6 Rd8+ 57. Kc6 f4 58. gxf4 exf4 59. Rb5 $1 $18 f3 60. b7 Rb8 61. Kc7 f2
62. Rb1 Rxb7+ 63. Kxb7 Kf5 64. Rf1 Kg4 65. Rxf2 Kxh4 66. Rg2 $1 (66. Rg2 $1 Kh3
67. Rg8 h4 68. Kc6 Kh2 69. Kd5 h3 70. Ke4 Kh1 71. Kf3 h2 72. Kg3 Kg1 73. Kh3+
Kh1 74. Ra8 $18) 1-0

[Event "RUS-chT2"]
[Site "Podolsk"]
[Date "1993.??.??"]
[Round "?"]
[White "Zaitsev, Igor A"]
[Black "Pozin, Sergey"]
[Result "1/2-1/2"]
[WhiteElo "2450"]
[BlackElo "2340"]
[Annotator "Belov,I"]
[PlyCount "51"]
[EventDate "1993.??.??"]
[EventType "team"]
[EventRounds "9"]
[EventCountry "RUS"]
[SourceTitle "CBM 038"]
[Source "ChessBase"]
[SourceDate "1994.02.01"]
[SourceVersion "1"]
[SourceVersionDate "1994.02.01"]
[SourceQuality "1"]

1. e4 c5 2. Nf3 d6 3. Bb5+ Nd7 4. d4 Ngf6 5. O-O cxd4 6. Qxd4 g6 $5 (6... a6 7.
Bxd7+ Bxd7 8. Bg5 h6 $6 (8... e6 9. Nbd2 Be7 10. Nc4 $14 {Maljutin,E-Shipov,S
Minsk 1993/}) 9. Bxf6 gxf6 10. c4 $14 {Ivanchuk,V-Kasparov,G Linares 1991 Inf
51/184/}) 7. e5 dxe5 8. Nxe5 (8. Qxe5 Bg7 9. Re1 e6 10. Nc3 O-O 11. Qd6 a6 12.
Bf1 Qb6 $11 {Ivanchuk/}) 8... Bg7 9. Rd1 O-O 10. Nxd7 (10. Qa4 Qc7 11. Nxd7
Bxd7 12. Bxd7 Rfd8 13. Bg4 b5 $1 $17) 10... Nxd7 11. Qh4 $5 (11. Qa4 Qb6 (11...
Nc5 $1 12. Rxd8 Rxd8 13. Qf4 Rd1+ 14. Bf1 Ne6 15. Qe3 Bd4 16. Qh6 Bg7 $11) (
11... Nb6 $5 12. Rxd8 Rxd8 13. Qf4 Rd1+ 14. Bf1 Nd5 15. Qa4 Rxc1 16. Nc3 $5
Rxa1 17. Qe8+ Bf8 18. Nxd5 Be6 $1 19. Qxa8 Bxd5 $44 {Ivanchuk/}) 12. Bxd7 Rd8
13. Nc3 Bxc3 14. bxc3 Qc6 15. Bh6 $1 Rxd7 16. Qb4 $14) 11... Qb6 (11... Qc7 12.
Qxe7 $16) (11... e6 12. Qxd8 Rxd8 13. Bg5 f6 14. Be3 $16 a6 15. Bb6 $1 $18) 12.
Bxd7 Rd8 (12... Bxb2 $5 13. Bxb2 Qxb2 14. Bxc8 (14. Qd4 Qxd4 15. Rxd4 Rd8)
14... Qxa1 15. Bxb7 Rad8 $13) 13. Nc3 Rxd7 $8 14. Nd5 (14. Rxd7 Bxd7 15. Qxe7
$2 Re8 $19) 14... Qd8 15. c4 b5 $5 16. Re1 f6 17. Qe4 Bb7 18. Nxe7+ $8 Kf8 19.
Nxg6+ $8 hxg6 20. Qxg6 $44 bxc4 (20... Kg8 21. Bh6 Qf8 22. cxb5 $44) (20... Qb6
21. Bh6 Rad8 22. Qh7 Bxh6 23. Qxh6+ $11) 21. Bh6 Bxh6 (21... Kg8 $2 22. Rad1 $1
Qc7 23. Re8+ $18) (21... Qb6 $6 22. Re3 Rad8 23. Rae1 $18) 22. Qxh6+ Rg7 23.
Rad1 Qc7 24. Qh8+ Kf7 25. Qh5+ Kg8 26. Re8+ 1/2-1/2